| 000 | 00666nas a2200193 a 4500 | ||
|---|---|---|---|
| 005 | 20260112063307.0 | ||
| 022 | _a0960-1406 [Print] | ||
| 022 | _a1741-5268 [Online] | ||
| 039 |
_a201109060128 _bstaff _y 201109060115 _z staff |
||
| 082 |
_a333.7 _bIJS |
||
| 245 |
_aInternational Journal of Sustainable Development /edited by _cM.A Dorgham |
||
| 260 |
_b Inderscience, _c2011 |
||
| 310 | _aQuarterly | ||
| 321 |
_a4 issues per year _b2011 January 2011 December |
||
| 856 |
_u http://www.inderscience.com/browse/index.php?journalID=25 _y Online Journal |
||
| 991 | _aVIRTUA40 | ||
| 991 | _aVTLSSORT0080*0220*0221*0820*2450*2600*3100*3210*8560*9992 | ||
| 909 | _a4078 | ||
| 999 |
_c3614 _d3614 |
||